Miscellaneous 'D' Blitz 7-to-1 Quiz Stats

 Plays Quiz not verified by Sporcle

Score 0/28 Timer 02:00
3 Plays Today
% Correct
Donna
98.4%
Dorothy
98.2%
Dora
98%
Daphne
97.9%
Delilah
97.9%
Denise
97.8%
David
97.3%
Daniel
97.1%
Derek
96.6%
Dentist
96.5%
Donald
96.3%
Doctor
95.9%
Driver
94.8%
Duncan
93.8%
% Correct
Dietician
93.7%
Dunkin' Donuts
92.4%
Deirdre
92%
Diver
90.8%
Desmond
90.6%
Dodo
89.5%
Date
86.8%
Dairy Queen
83.4%
Domino's
79.8%
Delphinus
69.5%
Durian
66.4%
Daikon
58.3%
Damson
34.8%
Dorado
21.9%

You're not logged in!

Compare scores with friends on all Sporcle quizzes.
OR
Log In

Show Comments

Extras

Top Quizzes Today


Score Distribution

Your Account Isn't Verified!

In order to create a playlist on Sporcle, you need to verify the email address you used during registration. Go to your Sporcle Settings to finish the process.

Report this User

Report this user for behavior that violates our Community Guidelines.

Details: